00946nam a2200229 a 4500001001300000003000900013005001700022008004100039020001800080040002800098082002700126100004600153245016000199260010100359300005900460504006100519650001400580650002700594650002700621700003400648700003400682C01490114c-4CO-ViMGA20230915233146.0150731s2014 ck a gr 00010 spa d a9789587751932 aCO-ViMGAbspacCO-ViMGA04a658.800285 bT15o 2211 aTamayo Arias, Johnny Alexánder, d1976-10aOptimización de los procesos de negocio vía Web E-business / cJohnny Alexander Tamayo Arias, Luis Fernando Castillo Ossa, Valentina Ospina Martínez. aManizales : bUniversidad Nacional de Colombia. Facultad de Ingeniería y Arquitectura, c2014. a132 páginas : bilustraciones, gráficos ; c23 cm. aIncluye referencias bibliográficas (páginas 131-132)14aInternet.14aMercadeo por internet.14aNegocios por Internet.1 aCastillo Ossa, Luis Fernando.1 aOspina Martínez, Valentina.